The silver dons
Сохранить в:
| Главный автор: | |
|---|---|
| Формат: | |
| Язык: | английский |
| Опубликовано: |
San Diego
The Union-Tribune
1963
|
| Редактирование: | 1a. ed |
| Серии: | The History of San Diego, 3
|
| Предметы: | |
| Метки: |
Добавить метку
Нет меток, Требуется 1-ая метка записи!
|
MARC
| LEADER | 00000nam a2200000 a 4500 | ||
|---|---|---|---|
| 001 | UCG6638 | ||
| 003 | CL-VaPUC | ||
| 008 | 110509e19630000us |||||||||||||||||eng|d | ||
| 082 | 0 | 4 | |a 979.403 |b POU |2 21 |
| 100 | 0 | |a Pourade, Richard F |e author |9 556948 | |
| 245 | 1 | 4 | |a The silver dons |
| 250 | |a 1a. ed | ||
| 300 | |a 286 p | ||
| 942 | |c BK | ||
| 945 | |d 20110509 00:00:00 |a jcampos | ||
| 260 | |a San Diego |b The Union-Tribune |c 1963 | ||
| 650 | 7 | |a HISTORIA DE ESTADOS UNIDOS SIGLO 19 |2 CL-VaPUC |9 362092 | |
| 650 | 7 | |a HISTORIA CALIFORNIA |2 CL-VaPUC |9 556949 | |
| 650 | 7 | |a PERIODO MEXICANO |2 CL-VaPUC |9 556950 | |
| 651 | 7 | |a CALIFORNIA |2 CL-VaPUC |9 264797 | |
| 651 | 7 | |a SAN DIEGO |2 CL-VaPUC |9 538087 | |
| 651 | 0 | |a Estados Unidos |9 255178 | |
| 583 | |a last modification |c 20160829 04:56:19 |k Rodrigo Vera | ||
| 490 | 0 | |a The History of San Diego, 3 | |
| 999 | |c 344795 |d 344793 | ||
| 952 | |0 0 |1 0 |4 0 |6 979_403000000000000_POU_1963 |7 0 |8 X |9 442993 |a FDOBUD |b FDOBUD |d 2019-11-22 |i 4566319 |o 979.403 POU 1963 |p 4566319 |r 2019-11-22 |w 2019-11-22 |y BK_X |k BUD | ||